|
|
|
|
| LEADER |
01299nam a2200253 i 4500 |
| 001 |
c000000987 |
| 003 |
CARM |
| 005 |
20020529112830.0 |
| 008 |
020418s18401842enk 0 d |
| 019 |
1 |
|
|a 2546153
|5 LACONCORD2021
|
| 035 |
|
|
|a (OCoLC)3172742
|5 LACONCORD2021
|
| 100 |
1 |
|
|a Al-Maqqari, Ahmad Ibn Muhammad,
|d d.1631?.
|
| 240 |
1 |
0 |
|a Nafhu-t-tib min ghosni-l-Andalusir-rattib na tarikh lisanu-d-din ibni-l-khattib.
|p Selections.
|l English
|
| 245 |
1 |
4 |
|a The history of the Mohammedan dynasties in Spain ... /
|c by Ahmed Ibn Mohammed al-Makkari ; Translated ... by Pasual de Gayangos.
|
| 260 |
|
|
|a [London?] :
|b Printed for the Oriental Translation Fund of Great Britain and Ireland,
|c 1840-1842.
|
| 300 |
|
|
|a 2v.
|
| 650 |
|
0 |
|a Arabs
|z Spain.
|
| 651 |
|
0 |
|a Spain
|x History
|y 711-1516.
|
| 710 |
2 |
|
|a Royal Asiatic Society of Great Britain and Ireland.
|b Oriental Translation Fund.
|
| 852 |
8 |
|
|b CARM
|h A2:AF31D0
|i C01151
|p 0064888
|f BK
|
| 852 |
8 |
|
|b CARM
|h A2:AF31D0
|i C01151
|p 0064889
|f BK
|
| 999 |
f |
f |
|i 276198f2-4147-5750-b688-6a96b76a14e7
|s eba1b02d-7a37-5c34-8ed0-1c436f389215
|
| 952 |
f |
f |
|p Can circulate
|a CAVAL
|b CAVAL
|c CAVAL
|d CARM 1 Store
|e C01151
|f A2:AF31D0
|h Other scheme
|i book
|j v.1 held
|m 0064888
|
| 952 |
f |
f |
|p Can circulate
|a CAVAL
|b CAVAL
|c CAVAL
|d CARM 1 Store
|e C01151
|f A2:AF31D0
|h Other scheme
|i book
|j v.2 held
|m 0064889
|